000 00857nam a2200277 a 4500
003 AR-BaBNM
005 20251128210448.0
008 082120s2002 ||||||||||||||000 | spa||
020 _a958-04-2648-1
040 _cAR-BaBNM
100 1 _aMonterroso, Augusto
245 0 0 _aObras completas y otros cuentos ;
_bA propósito de Augusto Monterroso y su obra
250 _a1ª ed.
260 _aSantafé de Bogotá
_bNorma
_c1994
300 _ap. irreg.
490 0 _aCara y cruz
500 _aContiene estudios sobre la obra de Augusto Monterroso a cargo de Adolfo Castañón y Héctor Abad Faciolince
500 _aReferencias bibliográficas
650 4 _aLITERATURA LATINOAMERICANA
653 _aNARRATIVA
653 _aLITERATURA FANTASTICA
653 _aLITERATURA GUATEMALTECA
655 _aLITERATURA
942 _cBK
998 _cMARTIN
999 _c15548
_d15548